000 00419nam a2200181Ia 4500
001 3635
005 20260306145658.0
008 260306t2008||||xx |||||||||||||| ||spa||
041 _aESP
082 _a301
_bB45
100 _aBeriain, Josetxo (Ed.)
_eAUT
245 0 _aLa teoría sociológica
260 _c2008
300 _a1093 páginas :
_c22 cm.
650 _aGEN
654 _aCHU
942 _cLIB
_dJUS
_fJUS
_2ddc
_n
999 _c3635
_d3635